000 00346pam a2200133 a 4500
020 _c
041 _h
082 _a5.1399999999999997
_bDES
100 _aDesikam
245 _aSoftware Testing Principles And Practices
_hTextual Documents
260 _aNew Delhi
_bPearson Education [Addison Wesley]
_c2007
300 _aXVIII/486
930 _a934
999 _c107767
_d107767